000 00687nam a2200253Ia 4500
003 OSt
005 20221007074300.0
006 a|||||r|||| 00| 0
007 ta
008 221006b |||||||| |||| 00| 0 eng d
024 _a4,954
037 _cTextual
040 _aFLL
_cFLL
_beng
041 _2eng
_aeng
082 _aZ2,93, N2
100 _aSingh Guru Prasanna
_9681255
245 0 _aPrinciples of statutory interpretation
250 _a5th
260 _aNagpur
_bLaw publisher India
_c1992
300 _aclvii,715p
_ccm.
650 _aStatutory interpretation
_9692879
942 _hZ2,93, N2
_cTEXL
_2CC
999 _c1151774
_d1151774